000 00700nam a22002177a 4500
003 BUBTL
008 230315b ||||| |||| 00| 0 eng d
020 _a9780521398343
082 _a896/ So96m/ 1976
100 _95212
_aSoyinka, Wole
245 _a Myth, literature, and the African world /
_cWole Soyinka
250 _a1st Edn.
260 _aUnited Kingdom:
_bCambridge University Press,
_cc1976
300 _axii, 168 p.:
_c22.5 cm.
500 _aIncludes Index
505 _a Myth, literature, and the African world, Wole Soyinka, English Literature, English
650 0 _91994
_aEnglish Literature
856 _k0
_l0
_yDownload
942 _2ddc
_cBK
999 _c6974
_d6974